000 00607nam a2200181Ia 4500
008 100920s9999 xx 000 0 und d
082 _b104649
_a28 व 891,43 न 08
100 _aइन्दुरख्या सौरभ.
245 _aआओ प्रयोग करे.
260 _bबिंदिया,जबलपुर.
_c2008
300 _a64
_bसाधी
365 _b100
520 _aबा.वि.हिंदी.
630 _aआओ प्रयोग करे.
650 _aबा.वि.हिंदी.
730 _aआओ प्रयोग करे.
942 _cBOOK
999 _c745081
_d745078